|
|
|
|
| LEADER |
00000nab a2200000 a 4500 |
| 001 |
vtls001000561 |
| 003 |
SK-MaSNL |
| 005 |
20260512124937.0 |
| 008 |
040720e19940920xo 0 hun |
| 035 |
|
|
|a RV1161
|
| 040 |
|
|
|a RVGKPD
|b slo
|c RVGKPD
|e AACR2
|
| 041 |
0 |
|
|a slo
|
| 044 |
|
|
|a xo
|c SK
|
| 080 |
|
|
|a 373.24
|2 1981
|
| 080 |
|
|
|a 378.3
|2 1981
|
| 100 |
1 |
|
|a Klinko, Róbert, 1963-1995
|4 aut
|9 1026634
|
| 245 |
1 |
0 |
|a Óvoda a rászorultaknak
|b Alapítványi támogatással
|
| 610 |
2 |
7 |
|a Nadácia Györgya Sorosa
|2 RVGKPD
|9 1496863
|
| 650 |
0 |
7 |
|a materské školy
|2 RVGKPD
|9 1278
|
| 650 |
0 |
7 |
|a rodiny sociálne odkázané
|2 RVGKPD
|9 1022544
|
| 651 |
|
7 |
|a Rožňava (Slovensko)
|2 RVGKPD
|9 17394
|
| 773 |
0 |
8 |
|t Új Szó
|g Roč. 47, č.217, 20.9.1994, s. 5
|
| 852 |
|
|
|a ZVYKNI
|b KIS3GCP
|
| 999 |
|
|
|c 2986513
|d 2988443
|